01768cam a2200397 i 450000100090000000300040000900500170001300800410003001000170007102000460008802000470013402000270018104000280020804200080023604300120024405000200025608200150027610000260029124500690031725000190038626400690040530000520047433600210052633700250054733800230057249000330059550000590062850400510068750501220073852002280086065100380108890600450112694200360117195201460120799900170135318349948OSt20231206111835.0141027s2015 enkab b 001 0 eng  a 2014029216 a9780415727280 (hardback : alkaline paper) a9780415727297 (paperback : alkaline paper) z9781315745725 (e-book) aDLCbengcDLCerdadDLC apcc ae-gr---00aDF77b.S56 201500a938bSOW/G1 aSowerby, Robin91006414aThe Greeks :ban introduction to their culture /cRobin Sowerby. aThird edition. 1aLondon ;aNew York :bRoutledge, Taylor & Francis Group,c[2015] axii, 293 pages :billustrations, maps ;c24 cm. atext2rdacontent aunmediated2rdamedia avolume2rdacarrier0 aPeoples of the ancient world a"First published 1995. Second edition published 2009." aIncludes bibliographical references and index.0 aPreface -- Early Greece : Homer and Hesiod -- History -- Religion and social life -- Literature -- Philosophy -- Art. a"In this new and expanded third edition the best-selling volume offers a lucid survey that covers all the key elements of ancient Greek civilization from the age of Homer to the Hellenistic period"--cProvided by publisher. 0aGreecexCivilizationyTo 146 B.C. a7bcbccorignewd1eecipf20gy-gencatlg 2ddccBKh938iSOW/Gk938mSOW/G 00102ddc40708HISTORYaMESbMEScHISd2023-12-06l3m2o938 SOW/Gp43960r2025-12-03 12:38:02s2025-11-28v1595.00w2023-12-06yBKzGL43R3 c43779d43779